000 00528nam a2200217 i 4500
001 bgj
100 1 _aLEVIN, Ira.
245 1 0 _aThe Stepford Wives /
_cA novel by Ira Levin.
260 _aNew York :
_bRandom House,
_cc. 1972.
300 _a145 pp ;
_c22 cm.
650 9 _aFemale friendship
650 9 _aMarried women
650 9 _aRobots
650 9 _aScience fiction
650 9 _aHorror tales
655 _aFiction
040 _cBPK
041 0 _aeng
942 _cKS
008 s uk f |000 0 eng
999 _c49132
_d49132
856 _uhttp://koha.tu.koszalin.pl/cgi-bin/koha/opac-detail.pl?biblionumber=49132
_yKatalog online BPK